00594nam a22001937a 4500999001900000005001700019010001300036020001300049035001300062037001600075082000800091100002700099245007200126246004200198260004300240270006600283300002300349942002800372 c172229d17222920200129172602.0 aA-276912 c25.00a- aA-276912 bDBAD/PUBa- a847 aفکر تو نسو ی  aفکر با نی:طنز يہ مضا مين cفکر تو نسو ی  bFikr -e-Bani (Urdu)aby Fikr Tonasvi  aN.DelhibAhluwalia book Depotc1985 ء a9988,New Rohtak Road,Post Box no.2507,bN.Delhie110005k-l- a240 ص c22 Cm(Hb) 2ddccURh847mف ک ر